Generation of precision artwork for printed circuit boards /

Guardado en:
Autor Principal: Lund, Preben, 1926-
Formato: Libro
Idioma:English
Publicado: Chichester [Eng.] : Wiley, c1978.
Materias:
Etiquetas: Agregar Etiqueta
Sin Etiquetas, Sea el primero en etiquetar este registro!
LEADER 00730pam a22002175a 4500
001 EIQ.libpla003890
008 770811s1978####enkao#########001#0#eng#d
005 20080407174434.0
245 1 0 |a Generation of precision artwork for printed circuit boards /  |c Preben Lund. 
260 |a Chichester [Eng.] :  |b Wiley,  |c c1978. 
300 |a xvii, 353 p. :  |b il., fotos ;  |c 24 cm. 
500 |a "A Wiley-Interscience publication." 
500 |a Incluye índice. 
020 |a 0471995878 
100 1 |a Lund, Preben,  |d 1926- 
082 0 0 |a 621.38/74 
650 4 |a Electrónica  |x Circuitos impresos. 
650 4 |a Electronics  |x Printed circuits. 
010 |a  77012388  
040 |a DLC  |c DLC  |d AR-BbSID 
859 |a AR-BbSID  |b BIB. PLAPIQUI  |h 621.381  |i L 96  |p 2213